000 01253cam a2200361 a 4500
001 14872048
003 OSt
005 20140310181747.0
008 070531s2007 ctu b 001 0 eng
010 _a 2007022771
015 _aGBA753328
_2bnb
016 7 _a013789233
_2Uk
020 _a9780275997144 (alk. paper)
020 _a0275997146 (alk. paper)
035 _a(OCoLC)ocn137331510
035 _a(OCoLC)137331510
040 _aDLC
_cDLC
_dBAKER
_dYDXCP
_dBTCTA
_dUKM
_dC#P
_dBWX
_dDLC
050 0 0 _aHF 5389
_b.R47 2005
082 0 0 _aIB 658.4
_bR31b 2005
245 1 4 _aBusiness etiquette :
_bfor the new workplace /
260 _aBoston, Massachusetts :
_bHarvard Business School Press,
_cc2005.
300 _a168 p. :
_c22 cm.
650 0 _aBusiness etiquette.
650 0 _aInterpersonal relations.
650 0 _aBusiness communication.
650 0 _aSelf-presentation.
700 1 _aMartin, Jeanette S.
856 4 1 _3Table of contents only
_uhttp://www.loc.gov/catdir/toc/ecip0719/2007022771.html
906 _a7
_bcbc
_corignew
_d1
_eecip
_f20
_gy-gencatlg
942 _2lcc
_cBK
999 _c3021
_d3021